Introduction to applied demography : (Record no. 181124)

MARC details
000 -LEADER
fixed length control field 00778nam a2200241Ia 4500
003 - CONTROL NUMBER IDENTIFIER
control field OSt
005 - DATE AND TIME OF LATEST TRANSACTION
control field 20260123111359.0
008 - FIXED-LENGTH DATA ELEMENTS--GENERAL INFORMATION
fixed length control field 210716s1984 xx 000 0 und d
020 ## - INTERNATIONAL STANDARD BOOK NUMBER
International Standard Book Number 803921349
040 ## - CATALOGING SOURCE
Transcribing agency AIMIT LIBRARY
041 ## - LANGUAGE CODE
Language code of text/sound track or separate title eng
082 ## - DEWEY DECIMAL CLASSIFICATION NUMBER
Classification number 304.6
Edition number 1
Item number RIVN
100 ## - MAIN ENTRY--PERSONAL NAME
Personal name Rives, Norfleet W.
9 (RLIN) 252352
245 ## - TITLE STATEMENT
Title Introduction to applied demography :
Remainder of title data sources and estimation techniques /
Statement of responsibility, etc. By Norfleet W Rives and William J Serow.
250 ## - EDITION STATEMENT
Edition statement 1st ed.
260 ## - PUBLICATION, DISTRIBUTION, ETC.
Place of publication, distribution, etc. New Delhi :
Name of publisher, distributor, etc. Sage Publications ,
Date of publication, distribution, etc. 1984.
300 ## - PHYSICAL DESCRIPTION
Extent 96p. ;
Other physical details PB
Dimensions 21.9 cm
650 ## - SUBJECT ADDED ENTRY--TOPICAL TERM
Topical term or geographic name entry element Census statistics
9 (RLIN) 252353
650 ## - SUBJECT ADDED ENTRY--TOPICAL TERM
Topical term or geographic name entry element Vital statistics
9 (RLIN) 252354
650 ## - SUBJECT ADDED ENTRY--TOPICAL TERM
Topical term or geographic name entry element Estimating total population
9 (RLIN) 252355
700 ## - ADDED ENTRY--PERSONAL NAME
Personal name Serow, William J.
9 (RLIN) 252356
942 ## - ADDED ENTRY ELEMENTS (KOHA)
Source of classification or shelving scheme Dewey Decimal Classification
Koha item type Book
Edition 1st
Call number prefix 304.6 RIVN
Holdings
Withdrawn status Lost status Damaged status Not for loan Collection code Home library Current library Date acquired Total Checkouts Full call number Barcode Date last seen Price effective from Koha item type
        MCA St Aloysius Institute of Management & Information Technology St Aloysius Institute of Management & Information Technology 07/16/2021   304.6 RIVN MCA00632 05/23/2026 07/16/2021 Book